La enseñanza de la física en la escuela secundaria: lecturas

שמור ב:
מידע ביבליוגרפי
מחבר ראשי: Chamizo Guerrero, José Antonio (Author)
פורמט: ספר
שפה:ספרדית
יצא לאור: Ciudad de México SEP 1996
מהדורה:1a. ed
נושאים:
תגים: הוספת תג
אין תגיות, היה/י הראשונ/ה לתייג את הרשומה!

MARC

LEADER 00000nam a2200000 a 4500
001 UCJ9376
003 CL-VaPUC
008 070316e19960000MX |||||||||||||||||spa|d
020 |a 9682994578 
082 0 4 |a 530.0712  |b CHA  |2 21 
100 0 |a Chamizo Guerrero, José Antonio  |e author  |9 519349 
245 1 3 |a La enseñanza de la física en la escuela secundaria: lecturas 
250 |a 1a. ed 
300 |a 303 p 
942 |c BK 
945 |d 20070316 00:00:00  |a cmena 
260 |a Ciudad de México  |b SEP  |c 1996 
650 0 |a enseñanza de la física   |9 339846 
650 0 |a Planificación del currículo  |9 269599 
650 0 |a Métodos de enseñanza  |9 270413 
650 0 |a Educación científica   |9 307484 
650 0 |a Planificación del currículo  |9 269599 
583 |a last modification  |c 20070316 00:00:00  |k Rodrigo Vera 
999 |c 324906  |d 324904 
952 |0 0  |1 0  |4 0  |6 530_071200000000000_CHA_1996  |7 0  |8 A  |9 405294  |a BIBEDU  |b BIBEDU  |d 2019-11-22  |i 4323971  |o 530.0712 CHA 1996  |p 4323971  |r 2019-11-22  |w 2019-11-22  |y BK  |k EBA